00914nam a2200253 a 450000100060000000300080000600500170001400800410003102000270007202000250009902000260012403500190015004000390016904100080020808200280021624501360024426000510038030000360043150400660046765000480053365000180058165000430059970000180064267216BD-RjUL20211209081628.0100429s2011 enka b 001 0 eng d a9780470686690 (hbk.) : z9780470711767 (ePDF) z9780470711750 (oBook) a(BD-RjUL)67347 aStDuBDSbengcStDuBDSdUkdBD-RjUL aeng04223a621.38216bMIM 201100aMIMO-OFDM for LTE, Wi-Fi, and WiMAX :bCoherent versus Non-coherent and Cooperative Turbo-transceivers /cLajos Hanzo ... [et al.]. aChichester :bjohn Wiley & Sons Ltd.,cc2011. axxxiv, 658 p. :bill. ;c25 cm. aIncludes bibliographical references (p. 611-645) and indexes. 0aOrthogonal frequency division multiplexing. 0aMIMO systems. 0aWireless LANsxEquipment and supplies.1 aHanzo, Lajos.